00434nam a22001457a 4500003000200000005001700002008004100019020002200060050002500082100001500107245009000122260003700212300002500249650001400274020240110063752.0240110b xxu||||| |||| 00| 0 eng d a978-981-3056-65-7 aFIC 813 bL477m 2006 aLee, James aMr. midnight #7 bdon't get off at the 13th floor! my shoes have gone nutscJames Lee aSingaporebAngsana Bookscc2006. a126 pages ; c20cm.  aFiction.